000 00477nam a22001937a 4500
003 MPLRDC
005 20220104143838.0
008 210129b ||||| |||| 00| 0 eng d
020 _a957-621-318-5
082 _a494 ECC
100 _aROBERT G. ECCLES等
245 _a超越管理迷思
_c方美智译
250 _a第一版
260 _a台湾
_b天下文化
_c1996
300 _b
490 _a财经企管. 138
650 _a企业管理
942 _cBK
_o494 ECC
999 _c43915
_d43905